d.j.ァネイロの『一龠』に登場する漢字 - Statistics

General Stats
  • This quiz has been taken 5 times
    4 since last reset
  • The average score is 67 of 285
Answer Stats
Answer % Correct
100%
67%
67%
67%
67%
67%
67%
67%
67%
67%
67%
67%
67%
67%
67%
67%
67%
67%
67%
67%
67%
67%
67%
67%
67%
67%
67%
67%
67%
67%
67%
67%
67%
67%
67%
67%
67%
67%
67%
67%
67%
67%
67%
67%
67%
67%
67%
67%
67%
67%
67%
67%
33%
33%
33%
33%
33%
33%
33%
33%
33%
33%
33%
33%
33%
33%
33%
33%
33%
33%
33%
竿
33%
33%
33%
33%
33%
33%
33%
33%
33%
33%
33%
33%
33%
33%
33%
33%
33%
33%
調
33%
33%
33%
33%
姿
33%
33%
33%
33%
33%
33%
33%
33%
33%
33%
33%
33%
33%
33%
33%
33%
33%
33%
33%
33%
33%
33%
33%
33%
33%
33%
33%
33%
33%
33%
33%
33%
33%
33%
33%
33%
33%
33%
33%
33%
33%
33%
33%
33%
33%
33%
0%
0%
0%
0%
0%
0%
0%
0%
0%
0%
0%
0%
0%
0%
0%
0%
0%
0%
0%
0%
0%
0%
0%
0%
0%
0%
0%
0%
0%
0%
0%
0%
0%
0%
0%
0%
0%
0%
0%
0%
0%
0%
0%
0%
0%
0%
0%
0%
0%
0%
0%
0%
0%
0%
0%
0%
0%
0%
0%
0%
0%
0%
0%
0%
0%
0%
0%
0%
0%
0%
0%
0%
0%
0%
0%
0%
0%
0%
0%
0%
0%
0%
0%
0%
0%
0%
0%
0%
0%
0%
0%
0%
0%
0%
0%
0%
0%
0%
0%
0%
0%
0%
0%
0%
0%
0%
0%
0%
0%
0%
0%
0%
0%
0%
0%
0%
0%
0%
0%
0%
0%
0%
0%
0%
0%
0%
0%
0%
0%
0%
0%
0%
0%
𡘲
0%
0%
No matching quizzes found
Score Distribution
Percent of People with Each Score
Percentile by Number Answered
Your Score History
You have not taken this quiz since the last reset